| 000 | 00673nam a22002057a 4500 | ||
|---|---|---|---|
| 999 |
_c17510 _d17510 |
||
| 003 | AR-CdUCM | ||
| 008 | 190508b ||||| |||| 00| 0 spa d | ||
| 040 |
_aMUNICIPALIDAD PROVINCIAL DEL CUSCO _cBIBLIOTECA MUNICIPAL DEL CUSCO |
||
| 082 |
_a683.8 / _bE19 |
||
| 100 |
_aEcklund, Eugene _937556 |
||
| 245 | _aReparación de tocadiscos automáticos / | ||
| 260 |
_aBuenos Aires : _bCandiani editor, _c1962. |
||
| 300 |
_a308 paginas ; _c23 cm. |
||
| 500 | _aTexto de ayuda para reparar tocadiscos malogrados | ||
| 650 |
_aTocadiscos _937557 |
||
| 650 |
_aReparación _918247 |
||
| 700 |
_aSantiago Luque, Carlos _937558 |
||
| 942 |
_2ddc _cLIBROS |
||
| 945 |
_apjha _d2019-05-08 |
||